| 000 | 00844nam0a22002651 4500 | ||
|---|---|---|---|
| 001 | RU\NLR\INFOCOMM_116\5000048801 | ||
| 005 | 20250613085638.0 | ||
| 035 | _a(NLR Aleph) 009038610 | ||
| 090 |
_a9533514 _c9533514 |
||
| 100 | _a20080624d1932 |||y0rusy50 ca | ||
| 101 | 0 | _aeng | |
| 102 | _aRU | ||
| 105 | _ay z 000zy | ||
| 200 | 1 |
_aA working day at the factory _fby S. Abrahm and Ph. Silpert |
|
| 210 |
_aМ. _cИзд-ское т-во иностранных рабочих в СССР _d1932 _gтип. "Коминтерн" |
||
| 215 |
_a80 с. _d15×11 |
||
| 541 | 1 | _aДень рабочего | |
| 700 | 1 |
_aAbram _bS. J. _gSemen Jakovlevič _4070 |
|
| 701 | 1 |
_aZil'pert _bF.N. _gFilipp Nikolaevič _4070 |
|
| 801 | 1 |
_aRU _bNLR _c20080624 |
|
| 801 | 0 |
_aRU _bNLR _gPSBO |
|
| 852 |
_aNLR _jЕ-8/1610 |
||
| 942 | _cBOOK | ||
| 980 | _aNB | ||